| 000 | 00000nam##2200000za#4500 |
| 001 | 9.695232 |
| 003 | CaOODSP |
| 005 | 20210624234501 |
| 007 | cr ||||||||||| |
| 008 | 150407|2000||||xxc|||||o f|0| 0 eng|d |
| 040 | |aCaOODSP|beng |
| 043 | |an-cn--- |
| 086 | 1 |aC45-2/3-2000-6E-PDF |
| 110 | 1 |aCanada. |bIndustry Canada. |
| 245 | 10|aMetal finishing in Canada : |h[electronic resource]|bindustry snapshot / |cprepared for Industry Canada by D.B. Caldwell Research Associates Inc. |
| 260 | |aOttawa - Ontario : |bIndustry Canada |c[2000]. |
| 300 | |a30p.|bgraphs, references, tables |
| 500 | |a"The purpose of the Industry Snapshot is to provide an economic overview of the metal finishing industry. The strategic importance of this industry is established in Section 2. A profile of the industry is developed in Section 3 and a review of its historical performance follows in Section 4. Section 5 discusses key success factors that must be considered to ensure long-term prosperity of the industry and Section 6 reviews prospects facing the industry."--Page 2. |
| 500 | |aThe catalogue number (C45-2/3-2000-6) and ISBN (0-662-64868-4) for the bilingual print edition have been incorrectly copied in this electronic publication. |
| 520 | 3 |aThe purpose of the Industry Snapshot is to provide an economic overview of the metal finishing industry. The strategic importance of this industry is established in Section 2. A profile of the industry is developed in Section 3 and a review of its historical performance follows in Section 4. Section 5 discusses key success factors that must be considered to ensure long-term prosperity of the industry and Section 6 reviews prospects facing the industry.--Page 2 |
| 590 | |a11-28-Supp|b2011-11-17 |
| 690 | 07|aIndustrial productivity|2gcpds |
| 690 | 07|aIndustrial products|2gcpds |
| 690 | 07|aMetalworking industry|2gcpds |
| 710 | 2 |aD.B. Caldwell Research Associates Inc. |
| 775 | 08|tTraitement des surfaces métalliques au Canada : |w(CaOODSP)9.639378 |
| 776 | 0#|tMetal finishing in Canada : |w(CaOODSP)9.661741 |
| 776 | 0#|tTraitement de surfaces métalliques : |w(CaOODSP)9.661742 |
| 856 | 40|ahttp://publications.gc.ca|qPDF|s141 KB|uhttps://publications.gc.ca/collections/Collection/C45-2-3-2000-6E.pdf |